000 01288nam a2200385 c 4500
001 53464
003 ES-MaCES
005 20250203133124.0
008 241209s2024 sp l 000 | spa d
017 _aV 2361-2024
_bDL
020 _a9788411691604
035 _aCES20050003115m
040 _aES-MaCES
_bspa
_cES-MaCES
110 1 _aEspaña
_tEstatuto de los Trabajadores, 2015. Texto Refundido
_941245
245 1 0 _aEstatuto de los Trabajadores
_b: (texto Refundido aprobado por el Real Decreto Legislativo 2/2015, de 23 de octubre)
250 _a26ª
_b/ preparada por Ángel Blasco Pellicer
260 _aValencia
_bTirant lo Blanch
_c2024
300 _a243 p.
_c17 cm
490 1 _aTextos legales
500 _aÍndices
541 _cCompra
650 4 _aEstatuto de los Trabajadores
_930784
650 4 _areforma legislativa
_929892
650 4 _a2015
_931152
650 4 _aEspaña
_926964
650 4 _atexto
_929624
650 4 _acomentario
_928971
653 1 0 _aLegislación
700 1 _97896
_aBlasco Pellicer, Ángel
_eed. lit.
775 0 _tEstatuto de los Trabajadores
_w(ES-MaCES)17434
830 0 _aTextos legales (Tirant lo Blanch (Firma))
_933797
902 _aLIB Libro
942 _2CES
_cBK
_h6.1.
999 _c53464
_d53464